Was ist es? (Das Auto) - Statistiken

Allgemein
  • Dieses Quiz wurde 167 mal gespielt
    141 seit der letzten Aktualisierung
  • Das Durchschnittsergebnis liegt bei 9 aus 30
Antwortstatistiken
Hint Antwort % Korrekt
das Rad wheel
78%
die Autobahn highway
67%
der Fahrgast passenger
66%
der Verkehr traffic
63%
die Bremsen brakes
54%
die Hupe horn
50%
das Lenkrad steering wheel
50%
der Reifen tire
49%
das Benzin gasoline
48%
die Tankstelle gas station
35%
das Kennzeichen license plate
32%
der Stau traffic jam
30%
der Kaufferraum trunk
29%
der Führerschein driver's license
27%
der Kreisverkehr traffic circle
27%
der Automechaniker mechanic
24%
die Ausfahrt exit
19%
der Strafzettel ticket
19%
die Fähre ferry
18%
der Wegweiser signpost
15%
der Scheinwerfer headlight
13%
der Rückspiegel rearview mirror
13%
die Maut toll
8%
die Einbahnstraße one-way street
6%
der Abschleppwagen tow truck
4%
der Fußgängerüberweg pedestrian crossing
3%
der Fahhradträger bike rack
2%
das Glatteis black ice
2%
die Landstraße country road
2%
der Bahnübergang railroad crossing
1%
Keine übereinstimmenden Quizze gefunden
Verteilung der Resultate
Anzahl Personen mit jedem Resultat
Perzentil nach korrekt beantworteten Fragen
Ihre Resultats-Entwicklung
Sie haben dieses Quiz seit der letzten Aktualisierung nicht gespielt